|
|
|
|
| LEADER |
01647nam a2200457 a 4500 |
| 001 |
nkc20142634174 |
| 003 |
CZ PrNK |
| 005 |
20150129101709.0 |
| 007 |
ta |
| 008 |
141021s2014 xr a e f 001 0 cze |
| 015 |
|
|
|a cnb002634174
|
| 020 |
|
|
|a 978-80-7400-266-3
|q (brož.)
|
| 035 |
|
|
|a (OCoLC)903089545
|
| 040 |
|
|
|a ABA001
|b cze
|d BOA001
|d OLA001
|
| 043 |
|
|
|a e-xr---
|
| 072 |
|
7 |
|a 347
|x Soukromé právo
|2 Konspekt
|9 16
|
| 080 |
|
|
|a 347.65/.68
|2 MRF
|
| 080 |
|
|
|a 347.91:347.65/.68
|2 MRF
|
| 080 |
|
|
|a (437.3)
|2 MRF
|
| 080 |
|
|
|a (035)
|2 MRF
|
| 100 |
1 |
|
|a Svoboda, Jiří,
|d 1967-
|7 mzk2014849977
|4 aut
|
| 245 |
1 |
0 |
|a Dědické právo v praxi /
|c Jiří Svoboda, Ondřej Klička
|
| 250 |
|
|
|a Vyd. 1.
|
| 260 |
|
|
|a V Praze :
|b C.H. Beck,
|c 2014
|
| 300 |
|
|
|a xxviii, 377 s. :
|b il. ;
|c 23 cm
|
| 490 |
1 |
|
|a Právní praxe
|
| 504 |
|
|
|a Obsahuje bibliografii, bibliografické odkazy a rejstřík
|
| 650 |
0 |
7 |
|a dědické právo
|7 ph119691
|z Česko
|2 czenas
|
| 650 |
0 |
7 |
|a řízení o dědictví
|7 ph128325
|z Česko
|2 czenas
|
| 650 |
0 |
9 |
|a inheritance and succession
|z Czechia
|2 eczenas
|
| 650 |
0 |
9 |
|a inheritance proceedings
|z Czechia
|2 eczenas
|
| 655 |
|
7 |
|a příručky
|7 fd133209
|2 czenas
|
| 655 |
|
9 |
|a handbooks and manuals
|2 eczenas
|
| 700 |
1 |
|
|a Klička, Ondřej,
|d 1975-
|7 mzk2014849978
|4 aut
|
| 830 |
|
0 |
|a Právní praxe
|0 s
|
| 910 |
2 |
|
|a BOA001
|b 2-1336.087
|
| 990 |
|
|
|a BK
|
| 995 |
|
|
|a 01
|
| 991 |
|
|
|b 201412
|c NOV
|e n
|
| 996 |
6 |
|
|b 2610613777
|c 2-1336.087
|l MZK
|r Sklad / do 1 hodiny
|n 22
|p p.v.
|w 001475070
|u 000010
|a 1
|e BOA001
|j MZK50
|s P
|
| 996 |
7 |
|
|b 2610620471
|c 2-1336.087
|l Vol.výběr
|r VV 0p
|n 41
|p kup
|h 347 SVO
|w 001475070
|u 000020
|a 0
|e BOA001
|j MZK50
|s A
|